LEADER 01403cam0-2200493---450- 001 990000058610203316 005 20000413 010 $a88-08-09418-9 035 $a0005861 035 $aUSA010005861 035 $a(ALEPH)000005861USA01 035 $a0005861 100 $a20000413d1991----|||y0itay0103----ba 101 0 $aita 102 $aIT 105 $a||||||||001yy 200 1 $aBiologia dello sviluppo$fGiovanni Giudice 210 $aBologna$cGrasso$d1991 215 $aVIII, 199 p.$d25 cm 606 $aAccrescimento e sviluppo 606 $aBiologia molecolare 676 $a574.3 700 1$aGIUDICE,$bGiovanni$063688 801 $aIT$bSALBC$gISBD 912 $a990000058610203316 951 $a574.3 GIU$b2139 FARM$c574.3 959 $aBK 969 $aFAR 979 $c20000914$lUSA01$h1726 979 $c20001019$lUSA01$h1055 979 $c20001019$lUSA01$h1453 979 $c20001019$lUSA01$h1500 979 $c20001019$lUSA01$h1537 979 $c20001024$lUSA01$h1513 979 $c20001027$lUSA01$h1518 979 $c20001027$lUSA01$h1522 979 $c20001110$lUSA01$h1709 979 $c20001124$lUSA01$h1207 979 $aPATRY$b90$c20010912$lUSA01$h1335 979 $aPATTY$b90$c20010927$lUSA01$h1044 979 $c20020403$lUSA01$h1613 979 $aPATRY$b90$c20040406$lUSA01$h1605 996 $aBiologia dello sviluppo$9409625 997 $aUNISA LEADER 01678nam 2200373 450 001 9910597994103321 005 20230221203110.0 035 $a(CKB)4920000001372205 035 $a(NjHacI)994920000001372205 035 $a(EXLCZ)994920000001372205 100 $a20230221d2017 uy 0 101 0 $aeng 135 $aur||||||||||| 181 $ctxt$2rdacontent 182 $cc$2rdamedia 183 $acr$2rdacarrier 200 10$aSnake Venom Metalloproteinases /$fJay Fox 205 $a1. Auflage. 210 1$aBasel :$cMDPI - Multidisciplinary Digital Publishing Institute,$d2017. 210 4$d©2017 215 $a1 online resource (266 pages) $cillustrations 311 $a3-03842-426-9 320 $aIncludes bibliographical references and index. 330 $aThis special edition of Toxins will cover recent developments in snake venom metalloproteinase structure, function and clinical implications. It will include a historical retrospective of the discovery of Snake Venom Metalloproteinases (SVMPs) and early insights into their biochemical mechanisms and how they function in envenomation. The individual articles will review - SVMP Structure - Pathologies associated with SVMPs activities - Mechanism of action; evolution and orthologs - SVMP processing and disintegrins - Potential clinical applications of SVMP scaffolds. 606 $aHemorrhoids$xHomeopathic treatment 615 0$aHemorrhoids$xHomeopathic treatment. 676 $a616.35 700 $aFox$b Jay$01275385 801 0$bNjHacI 801 1$bNjHacl 906 $aBOOK 912 $a9910597994103321 996 $aSnake Venom Metalloproteinases$93017579 997 $aUNINA LEADER 01535nas 2200493-a 450 001 9910144341803321 005 20250710152330.0 035 $a(CKB)1000000000221936 035 $a(CONSER)---95640019- 035 $a(EXLCZ)991000000000221936 100 $a19940627b19942005 -f- - 101 0 $aeng 181 $ctxt$2rdacontent 182 $cc$2rdamedia 183 $acr$2rdacarrier 200 00$aBulletin of the European Union /$fCommission 210 $aBrussels $cEuropean Commission, Secretariat-General$d©1994-©2006 215 $a1 online resource 311 08$aPrint version: 1025-4005 (DLC) 95640019 (OCoLC)30675516 517 1 $aBull. EU 517 1 $aBulletin EU 531 0 $aBull. Eur. Union 606 $aUnion européenne$xPériodiques 606 $aEuropese Unie$2gtt 606 $aECONOMIC INTEGRATION$2unbist 606 $aECONOMIC POLICY$2unbist 606 $aEUROPE$2unbist 607 $aEuropean Union countries$vPeriodicals 607 $aPays de l'Union européenne$xPériodiques 607 $aEuropean Union countries$2fast 608 $aPeriodicals.$2fast 608 $aPeriodicals.$2lcgft 615 6$aUnion européenne$xPériodiques. 615 17$aEuropese Unie. 615 07$aECONOMIC INTEGRATION. 615 07$aECONOMIC POLICY. 615 07$aEUROPE. 676 $a940/.05 712 02$aEuropean Commission. 906 $aJOURNAL 912 $a9910144341803321 920 $aexl_impl conversion 996 $aBulletin of the European Union$9798063 997 $aUNINA